<?xml version="1.0" encoding="UTF-8"?>
<record
    xmlns:xsi="http://www.w3.org/2001/XMLSchema-instance"
    xsi:schemaLocation="http://www.loc.gov/MARC21/slim http://www.loc.gov/standards/marcxml/schema/MARC21slim.xsd"
    xmlns="http://www.loc.gov/MARC21/slim">

  <leader>03045nam a2200421   4500</leader>
  <controlfield tag="001">ESSALUD</controlfield>
  <controlfield tag="005">20260702160921.0</controlfield>
  <controlfield tag="007">ta</controlfield>
  <controlfield tag="008">      t        pe ||||| |||| 00| 0 spa d</controlfield>
  <datafield tag="040" ind1=" " ind2=" ">
    <subfield code="a">BMG</subfield>
  </datafield>
  <datafield tag="041" ind1=" " ind2=" ">
    <subfield code="a">spa</subfield>
  </datafield>
  <datafield tag="100" ind1=" " ind2=" ">
    <subfield code="a">Tarazana Pineda, Manolo Narciso </subfield>
    <subfield code="e">Autor</subfield>
    <subfield code="9">53135</subfield>
  </datafield>
  <datafield tag="245" ind1=" " ind2=" ">
    <subfield code="a">Aspectos laborales de la Ley del Presupuesto P&#xFA;blico</subfield>
  </datafield>
  <datafield tag="246" ind1=" " ind2=" ">
    <subfield code="a">Labor aspects of the Public Budget Law</subfield>
  </datafield>
  <datafield tag="300" ind1=" " ind2=" ">
    <subfield code="a">p&#xE1;ginas 182-201</subfield>
  </datafield>
  <datafield tag="520" ind1=" " ind2=" ">
    <subfield code="a">En el presente informe se desarrolla de manera sistem&#xE1;tica el contenido
de las principales disposiciones laborales, remunerativas y presupuestarias previstas
en la Ley de Presupuesto del Sector P&#xFA;blico para el A&#xF1;o Fiscal 2026. El texto describe
las principales implicancias laborales derivadas de dichas disposiciones, abarcando los
distintos reg&#xED;menes de empleo p&#xFA;blico, los incrementos y ajustes de ingresos, el otorgamiento
de bonos excepcionales y los procesos de nombramiento y ascenso del personal. Asimismo, se exponen las reglas y excepciones aplicables a la contrataci&#xF3;n bajo
el r&#xE9;gimen CAS, las disposiciones vinculadas a la negociaci&#xF3;n colectiva y al arbitraje
laboral, as&#xED; como las autorizaciones presupuestarias relacionadas con el financiamiento
de plazas, la gesti&#xF3;n de recursos humanos y el cumplimiento de obligaciones previsionales,
ofreciendo una visi&#xF3;n ordenada y coherente del marco normativo vigente
</subfield>
  </datafield>
  <datafield tag="520" ind1=" " ind2=" ">
    <subfield code="a">This report systematicolly presents the content of the main labor, remuneration -related, and
budgetary provisions set forth in the Public Sector Budget Law for Fiscal Year 2026. The text describes
the principal labor implications arising from these provisions, covering the various public employment
regimes, income increases and adjustments, the granting of exceptional bonuses, and personnel
appointment and promotion processes. lt also outlines the rules and exceptions applicable to hiring
under the CAS regime, the provisions related to collective bargaining and labor arbitration, as well as
the budgetary authorizations concerning the financing of positions, human resources management,
and the fulfillment of social security obligations, offering an orderly and coherent overview of the
current regulatory framework.
</subfield>
  </datafield>
  <datafield tag="650" ind1=" " ind2=" ">
    <subfield code="a">SECTOR P&#xDA;BLICO </subfield>
    <subfield code="9">1012</subfield>
  </datafield>
  <datafield tag="650" ind1=" " ind2=" ">
    <subfield code="a">PRESUPUESTO</subfield>
  </datafield>
  <datafield tag="650" ind1=" " ind2=" ">
    <subfield code="a">INGRESOS</subfield>
    <subfield code="9">53219</subfield>
  </datafield>
  <datafield tag="650" ind1=" " ind2=" ">
    <subfield code="a">PLANILLA </subfield>
    <subfield code="9">53220</subfield>
  </datafield>
  <datafield tag="650" ind1=" " ind2=" ">
    <subfield code="a">BONIFICACIONES</subfield>
    <subfield code="9">53221</subfield>
  </datafield>
  <datafield tag="650" ind1=" " ind2=" ">
    <subfield code="a">SERVIDORES</subfield>
    <subfield code="9">53222</subfield>
  </datafield>
  <datafield tag="650" ind1=" " ind2=" ">
    <subfield code="a">FUNCIONARIOS</subfield>
    <subfield code="9">53223</subfield>
  </datafield>
  <datafield tag="650" ind1=" " ind2=" ">
    <subfield code="a">CONTRATACI&#xD3;N</subfield>
  </datafield>
  <datafield tag="650" ind1=" " ind2=" ">
    <subfield code="a">NOMBRAMIENTO</subfield>
    <subfield code="9">53224</subfield>
  </datafield>
  <datafield tag="650" ind1=" " ind2=" ">
    <subfield code="a">PUBLIC SECTOR</subfield>
    <subfield code="9">53225</subfield>
  </datafield>
  <datafield tag="650" ind1=" " ind2=" ">
    <subfield code="a">BUDGET</subfield>
    <subfield code="9">53226</subfield>
  </datafield>
  <datafield tag="650" ind1=" " ind2=" ">
    <subfield code="a">EARNINGS</subfield>
    <subfield code="9">53227</subfield>
  </datafield>
  <datafield tag="650" ind1=" " ind2=" ">
    <subfield code="a">PAYROLL</subfield>
    <subfield code="9">53228</subfield>
  </datafield>
  <datafield tag="650" ind1=" " ind2=" ">
    <subfield code="a">BONUSES</subfield>
    <subfield code="9">53229</subfield>
  </datafield>
  <datafield tag="650" ind1=" " ind2=" ">
    <subfield code="a">PUBLIC SERVANTS </subfield>
    <subfield code="9">53230</subfield>
  </datafield>
  <datafield tag="650" ind1=" " ind2=" ">
    <subfield code="a">PUBLIC OFFICIALS </subfield>
    <subfield code="9">53231</subfield>
  </datafield>
  <datafield tag="650" ind1=" " ind2=" ">
    <subfield code="a">HIRING</subfield>
    <subfield code="9">53232</subfield>
  </datafield>
  <datafield tag="650" ind1=" " ind2=" ">
    <subfield code="a">APPOINTMENT</subfield>
    <subfield code="9">53233</subfield>
  </datafield>
  <datafield tag="773" ind1="0" ind2=" ">
    <subfield code="0">22614</subfield>
    <subfield code="9">22623</subfield>
    <subfield code="d">Lima Grupo Praxis Formaci&#xF3;n Profesional, 2026-</subfield>
    <subfield code="o">PRALAB001</subfield>
    <subfield code="t">Praxis Laboral &amp; Procesal Laboral</subfield>
    <subfield code="w">ESSALUD</subfield>
    <subfield code="x">3119-768X</subfield>
  </datafield>
  <datafield tag="942" ind1=" " ind2=" ">
    <subfield code="c">ARTICULOS</subfield>
    <subfield code="e">2026-07-02</subfield>
    <subfield code="z">SQB</subfield>
  </datafield>
  <datafield tag="999" ind1=" " ind2=" ">
    <subfield code="c">22629</subfield>
    <subfield code="d">22629</subfield>
  </datafield>
</record>
